| 000 | 01470nam a2200241Ia 4500 | ||
|---|---|---|---|
| 999 |
_c55596 _d55596 |
||
| 001 | 22691 | ||
| 003 | GE_BSU | ||
| 005 | 20230418160539.0 | ||
| 008 | 181216s ||||ge |||||||||||||| ||geo|| | ||
| 020 | _a9789941027277 | ||
| 040 | _cGE_BSU | ||
| 041 | _ageo | ||
| 080 | _a796(072) გ-47 | ||
| 245 |
_aგზამკვლევების კრებული სპორტის სახეობებში ზოგადსაგანამანათლებლო დაწესებულებებისთვის (მე-7-12 კლასები) / _b[ავტ. ჯგ. : რ. ვაწაძე, ბ. მაჩაბლიშვილი, ა. კაზანჯიანი [და სხვ.] ; პროექტის ხელმძღვ. ქეთევან ქობალია ; პ/მგ რედ. მამია ტუღუში. |
||
| 264 |
_aთბილისი : _bეროვნული სასწავლო გეგმებისა და შეფასების ცენტრი, _c2010. |
||
| 300 |
_a216 გვ. ; _c29 სმ. |
||
| 541 | _h10ლ. | ||
| 653 | _aსპორტი | ||
| 653 | _aსპორტის სახეობები | ||
| 653 | _a მეთოდური სახელმძღვანელოები | ||
| 700 |
_aტუღუში, მამია _eრედაქტორი _9859 |
||
| 942 |
_cBK _2udc |
||